| 000 | 01247nam a2200385 ia4500 | ||
|---|---|---|---|
| 999 |
_c175307 _d175307 |
||
| 001 | vtls000854915 | ||
| 003 | PNM | ||
| 005 | 20191218164039.0 | ||
| 008 | 180604t20192019my d a000 0 may | ||
| 015 | _aM191-01715 | ||
| 020 |
_a9789834920098 _qpaperback _cRM20.00 |
||
| 039 | 9 |
_a201909241123 _bsiti _c201909241121 _dsiti _c201906120916 _dmawarny _c201905081118 _dyasmin |
|
| 040 |
_aBNM _beng _cBNM _erda _dPPAK |
||
| 049 | _amal | ||
| 082 | 0 | 4 |
_a499.2380076 _223 |
| 090 | 0 | 0 |
_a499.2380076 _bABD _dR |
| 100 | 0 |
_aAbdul Ghalib Yunus, _eauthor. |
|
| 245 | 1 | 0 |
_aCARA TERBAIK MENULIS KARANGAN SPM / _cABDUL GHALIB YUNUS, ALEX LEONG JUN WEI, WONG HOOI MUN |
| 264 | 1 |
_aKuala Lumpur : _bDewan Bahasa dan Pustaka, _c2019 |
|
| 264 | 4 | _c©2019 | |
| 300 |
_ax, 298 pages ; _c23 cm. |
||
| 336 |
_atext _2rdacontent |
||
| 337 |
_aunmediated _2rdamedia |
||
| 338 |
_avolume _2rdacarrier |
||
| 490 | 1 | _aSiri Pendidikan Bahasa | |
| 650 | 1 | 0 |
_aMalay language _xComposition and exercises |
| 650 | 2 | 0 |
_aGovernment publications _zMalaysia |
| 700 | 1 |
_aLeong, Alex Jun Wei, _eauthor. |
|
| 700 | 1 |
_aWong, Hooi Mun, _eauthor. |
|
| 830 | 0 | _aSiri pendidikan bahasa | |
| 942 |
_2ddc _cB |
||
| 949 | _62000677035 | ||
| 949 | _62000677034 | ||
| 949 | _62000677033 | ||